• 首页
  • 本馆介绍
  • 公告通知
  • 最新文献
  • 馆藏检索
  • 电子资源
  • 读者导购
  • 参考咨询
  • 我的图书馆
  • 登录
  • 详细信息显示
  • 放入我的书架
  • 预约/预借图书
  • 作者相关作品
  • 分类相关作品
  • 丛书相关作品
  • 出版社相关作品

书目信息

  • 表格格式
  • 工作单格式
  • 卡片格式
题名:
习近平谈治国理政
    
 
作者: 习近平 著
分册: 第四卷  
出版信息: 北京   外文出版社  2023.03
页数: 636页
开本: 23cm
丛书名:
单 册:
中图分类: D2-0 , D610.4
科图分类:
主题词: 习近平--Xi Jin Ping--讲话--学习参考资料--日文 , 习近平新时代中国特色社会主义思想--Xi Jin Ping Xin Shi Dai Zhong Guo Te Se She Hui Zhu Yi Si Xiang--学习参考资料--日文
电子资源:
ISBN: 978-7-119-13554-0
000 01414nam0 2200253 450
001 2023049124
005 20241028140918.87
010    @a978-7-119-13554-0@dCNY80.00
100    @a20241025d2023 em y0chiy50 ea
101 0  @ajpn
102    @aCN@b110000
105    @ay z 000yy
106    @ar
200 1  @a习近平谈治国理政@AXi Jin Ping Tan Zhi Guo Li Zheng@e日文@h第四卷@f习近平著
210    @a北京@c外文出版社@d2023.03
215    @a636页@d23cm
330    @a中共十八大以来,以习近平同志为主要代表的中国共产党人,坚持把马克思主义基本原理同中国具体实际相结合、同中华优秀传统文化相结合,创立了习近平新时代中国特色社会主义思想。党确立习近平同志党中央的核心、全党的核心地位,确立习近平新时代中国特色社会主义思想的指导地位,反映了全党全军全国各族人民共同心愿,对新时代党和国家事业发展、对推进中华民族伟大复兴历史进程具有决定性意义。本书收入的内容,都是富有独创性、代表性、标志性的重要文献,是新时代中国共产党人坚持和发展中国特色社会主义的理论结晶,对坚持用习近平新时代中国特色社会主义思想武装全党、把习近平新时代中国特色社会主义思想学习宣传贯彻引向深入具有重要意义。
606 0  @a习近平@AXi Jin Ping@x讲话@j学习参考资料@x日文
606 0  @a习近平新时代中国特色社会主义思想@AXi Jin Ping Xin Shi Dai Zhong Guo Te Se She Hui Zhu Yi Si Xiang@j学习参考资料@x日文
690    @aD2-0@v5
690    @aD610.4@v5
701  0 @a习近平@AXi Jin Ping@4著
801  0 @aCN@bAHXH@c20241025
905    @b214161627@dD2-0@e295:4@f1
    
    习近平谈治国理政:日文.第四卷/习近平著.-北京:外文出版社,2023.03
    636页;23cm
    
    
    ISBN 978-7-119-13554-0:CNY80.00
    中共十八大以来,以习近平同志为主要代表的中国共产党人,坚持把马克思主义基本原理同中国具体实际相结合、同中华优秀传统文化相结合,创立了习近平新时代中国特色社会主义思想。党确立习近平同志党中央的核心、全党的核心地位,确立习近平新时代中国特色社会主义思想的指导地位,反映了全党全军全国各族人民共同心愿,对新时代党和国家事业发展、对推进中华民族伟大复兴历史进程具有决定性意义。本书收入的内容,都是富有独创性、代表性、标志性的重要文献,是新时代中国共产党人坚持和发展中国特色社会主义的理论结晶,对坚持用习近平新时代中国特色社会主义思想武装全党、把习近平新时代中国特色社会主义思想学习宣传贯彻引向深入具有重要意义。
●
相关链接 在E读中查询图书 在五车中查询图书 在当当中查询图书 在豆瓣中查询图书


正题名:习近平谈治国理政     索取号:D2-0/295:4         预约/预借

序号 登录号 条形码 馆藏地/架位号 状态 备注
1 1416162   214161627   第一样本阅览室/ [索取号:D2-0/295:4] 在馆    
唐山师范学院图书馆 欢迎您!
大连网信软件有限公司© 版权所有